Deploying IBM Workplace Services Express on the IBM eServer iSeries Server /

IBM Workplace Services Express is software that makes it simple for you, your colleagues, your teams, and your entire organization to quickly collaborate and effectively work together. Designed specifically for small and medium-sized organizations or departmental needs in larger organizations, Workp...

Full description

Bibliographic Details
Main Authors: Landon, Debbie (Author), Arthurs, Brendan (Author), Greene, Kim (Author), Hoerle, Amy (Author), Kawer, Daniel (Author)
Corporate Author: Safari, an O'Reilly Media Company
Format: eBook
Language:English
Published: IBM Redbooks, 2006.
Subjects:
Online Access:Connect to this electronic resource

MARC

Tag First Indicator Second Indicator Subfields
LEADER 00000cam a2200000 a 4500
001 in00004100207
005 20260123212840.3
006 m o d
007 cr cn
008 160813s2006 xx o eng
020 |z 073849741X 
020 |z 9780738497419 
035 |a (CaSebORM)073849741X 
040 |d UtOrBLW 
041 0 |a eng 
100 1 |a Landon, Debbie,  |e author. 
245 1 0 |a Deploying IBM Workplace Services Express on the IBM eServer iSeries Server /  |c Landon, Debbie. 
264 1 |b IBM Redbooks,  |c 2006. 
300 |a 1 online resource (396 pages) 
336 |a text  |b txt  |2 rdacontent 
337 |a computer  |b c  |2 rdamedia 
338 |a online resource  |b cr  |2 rdacarrier 
347 |a text file 
520 |a IBM Workplace Services Express is software that makes it simple for you, your colleagues, your teams, and your entire organization to quickly collaborate and effectively work together. Designed specifically for small and medium-sized organizations or departmental needs in larger organizations, Workplace Services Express enables you to easily create, edit, and share documents from your own customized Workplace environment. This IBM Redbooks publication is written for administrators who want to install, configure, and administer Workplace Services Express on an IBM eServer iSeries server. It introduces you to Workplace Services Express. It shows you how to deploy and customize it on the iSeries server, as well as how to integrate with an existing IBM Lotus Domino infrastructure. In addition, this book shows you how to integrate Domino mail and applications with a Workplace Services Express environment. It explains how to enable the iSeries Web Access portlets so you can work with your iSeries server from a Workplace Services Express environment. And this book provides information about performance tuning for Workplace Services Express on the iSeries server. Please note that the additional material referenced in the text is not available from IBM. 
533 |a Electronic reproduction.  |b Boston, MA :  |c Safari,  |n Available via World Wide Web.  |d 2006. 
538 |a Mode of access: World Wide Web. 
542 |g 2006 
588 |a Online resource; Title from title page (viewed May 22, 2006) 
500 |a Electronic resource. 
655 7 |a Electronic books.  |2 local 
700 1 |a Arthurs, Brendan,  |e author. 
700 1 |a Greene, Kim,  |e author. 
700 1 |a Hoerle, Amy,  |e author. 
700 1 |a Kawer, Daniel,  |e author. 
710 2 |a Safari, an O'Reilly Media Company. 
856 4 0 |u https://proxy.library.tamu.edu/login?url=https://go.oreilly.com/TAMU/library/view/-/073849741X/?ar  |z Connect to this electronic resource  |t 0 
999 f f |s a15c6f4c-e930-3f49-a544-7eed6444b436  |i 68547227-c07a-3ad3-83fb-30681378af98  |t 0 
952 f f |a Texas A&M University  |b College Station  |c Electronic Resources  |s www_evans  |d Available Online  |t 0  |h No information provided 
998 f f |t 0  |l Available Online